| 000 | 00600nam a2200217Ia 4500 | ||
|---|---|---|---|
| 003 | OSt | ||
| 005 | 20220928145139.0 | ||
| 006 | a|||||r|||| 00| 0 | ||
| 007 | ta | ||
| 008 | 220927b |||||||| |||| 00| 0 eng d | ||
| 024 | _a79177 | ||
| 037 | _cTextual | ||
| 040 |
_aSDCL _cSDCL _beng |
||
| 041 |
_2eng _aeng |
||
| 082 | _aT.2'Mt, M3 | ||
| 100 |
_aDibona Joseph Ed. _9511920 |
||
| 245 | 0 |
_aOne teacher one school _b The adam reports on indigenous education in 19th century India. |
|
| 260 | _c1983 | ||
| 942 |
_hT.2'Mt, M3 _cTEXL _2CC |
||
| 999 |
_c832295 _d832295 |
||